Les 10 plus grands departement de france. - Statistiques

Statistiques générales
  • Ce quiz a été pris 67 fois
  • Le résultat moyen est 6 sur 10
Statistiques - réponses
Superficie Région Departement % Correct
10 725 km² Nouvelle-Aquitaine Gironde
97%
9 243 km² Nouvelle-Aquitaine Landes
83%
8 763 km² Bourgogne-Franche-Comté Cote d'or
80%
9 060 km² Nouvelle-Aquitaine Dordogne
73%
8 575 km² Bourgogne-Franche-Comté Saône-et-Loire
67%
8 735 km² Occitanie Aveyron
61%
8 162 km² Grand Est Marne
58%
5 548 km² Provence-Alpes-Côte d'Azur Hautes-Alpes
50%
5 167 km² Occitanie Lozère
42%
5 999 km² Nouvelle-Aquitaine Deux sèvres
28%
Aucun quiz correspondant
Distribution des résultats
% des personnes avec chaque résultat
Percentile par nombre de réponses
Votre historique - résultats
Vous n’avez pas pris ce quiz